Hulk Movies 👊 - Statistics

General Stats
  • This quiz has been taken 53 times
  • The average score is 3 of 5
Answer Stats
Year Movie % Correct
2008 The Incredible Hulk
100%
2003 Hulk
98%
1990 The Death of the Incredible Hulk
31%
1989 The Trial of the Incredible Hulk
27%
1988 The Incredible Hulk Returns
13%
No matching quizzes found
Score Distribution
Percent of People with Each Score
Percentile by Number Answered
Your Score History
You have not taken this quiz